Hacia el año 2018
Gorde:
| Egile nagusia: | |
|---|---|
| Formatua: | Liburua |
| Hizkuntza: | gaztelania |
| Argitaratua: |
Buenos Aires
Emece
1969
|
| Saila: | Grandes ensayistas
|
| Gaiak: | |
| Etiketak: |
Etiketa erantsi
Etiketarik gabe, Izan zaitez lehena erregistro honi etiketa jartzen!
|
MARC
| LEADER | 00000nam a2200000 a 4500 | ||
|---|---|---|---|
| 001 | UCY1573 | ||
| 003 | CL-VaPUC | ||
| 008 | 940907e19690000AG |||||||||||||||||spa|d | ||
| 082 | 0 | 4 | |a 303.49 |b BRE |2 21 |
| 100 | |a Brennan, Donald G |e author |9 381823 | ||
| 245 | 1 | 0 | |a Hacia el año 2018 |
| 300 | |a 255 p | ||
| 942 | |c BK | ||
| 945 | |d 19940907 00:00:00 |a rbrito | ||
| 260 | |a Buenos Aires |b Emece |c 1969 | ||
| 650 | 7 | |a TECNOLOGIA Y CIVILIZACION |2 CL-VaPUC |9 312103 | |
| 650 | 7 | |a PREDICCIONES SIGLO 21 |2 CL-VaPUC |9 329582 | |
| 583 | |a last modification |c 19940907 00:00:00 |k Rodrigo Vera | ||
| 490 | 0 | |a Grandes ensayistas | |
| 999 | |c 230233 |d 230231 | ||
| 952 | |0 0 |1 0 |4 0 |6 303_490000000000000_BRE_1969 |7 0 |8 A |9 232302 |a BIBEDU |b BIBEDU |d 2019-11-15 |i 3014622 |o 303.49 BRE 1969 |p 3014622 |r 2019-11-15 |w 2019-11-15 |y BK |k EDU | ||